| 000 | 00818cab a2200277 4500 | ||
|---|---|---|---|
| 001 | ABS46311 | ||
| 008 | 090401t1992 xxu||||| |||| 00| 0 eng d | ||
| 035 | _a(Sirsi) u57729 | ||
| 041 | _aeng | ||
| 100 | _aDavies, R. | ||
| 245 | _aMore profit in the wind for turbine owners | ||
| 260 | _c1992 | ||
| 350 | _a0 | ||
| 490 |
_aFarmers' Weekly _v116(18) 1 May 1992, 46(1) |
||
| 520 | _aUrges farmers to invest in their own wind turbines, which would reap greater profits than leasing land to the developer. Calculations included. | ||
| 650 | _aALTERNATIVE SOURCES | ||
| 650 | _aFARMERS | ||
| 650 | _aGRANTS | ||
| 650 | _aWIND FARMS | ||
| 650 | _aWIND POWER | ||
| 650 | _aWIND TURBINES | ||
| 690 | _aENVIRONMENTAL AND LAND CONSULTANCY | ||
| 690 | _aRURAL PRACTICE | ||
| 942 | _n0 | ||
| 948 | _c04/03/1997 | ||
| 999 |
_c35231 _d35231 |
||